Optimization techniques : an introduction /

Bibliographic Details
Main Author: Foulds, L. R., 1948-
Format: Book
Language:English
Published: New York, N.Y. : Springer-Verlag, [1981]
Series:Undergraduate texts in mathematics.
Subjects:

MARC

Tag First Indicator Second Indicator Subfields
LEADER 00000pam a2200000 a 4500
001 in00000072951
005 20151008060002.0
008 810413s1981 nyua b 00110 eng
010 |a  81005642  
020 |a 0387905863 
035 |a (OCoLC)07462953 
035 |9 AAJ4883AM 
039 0 |a 2  |b 3  |c 3  |d 3  |e 3 
040 |a DLC  |c DLC  |d TXA  |d UtOrBLW 
049 |a TXAM  |c [1195928] 
050 0 0 |a QA402.5  |b .F68 
082 0 |a 519  |2 19 
100 1 |a Foulds, L. R.,  |d 1948- 
245 1 0 |a Optimization techniques :  |b an introduction /  |c L.R. Foulds. 
264 1 |a New York, N.Y. :  |b Springer-Verlag,  |c [1981] 
264 4 |c ©1981 
300 |a xi, 502 pages :  |b illustrations ;  |c 24 cm. 
336 |a text  |b txt  |2 rdacontent 
337 |a unmediated  |b n  |2 rdamedia 
338 |a volume  |b nc  |2 rdacarrier 
490 1 |a Undergraduate texts in mathematics 
500 |a Includes index. 
504 |a Bibliography: pages 395-399. 
650 0 |a Mathematical optimization. 
650 0 |a Programming (Mathematics) 
830 0 |a Undergraduate texts in mathematics. 
999 |a MARS 
999 f f |s 78d64e8a-d3c9-3b0a-9dbd-cf2fc91c4736  |i 65c049b9-5700-3bbe-80b4-ed03500ed386  |t 0 
952 f f |p normal  |a Texas A&M University  |b College Station  |c Sterling C. Evans Library  |d Evans: Library Stacks  |t 0  |e QA402.5 .F68  |h Library of Congress classification  |i unmediated -- volume  |m A14806205532 
998 f f |a QA402.5 .F68  |t 0  |l Evans: Library Stacks